000
00314nam a2200145Ia 4500
100
_a
Dwivedi/ S.L.Pub.
650
_a
General
942
_c
BK
654
_a
Act
245
_a
Industrial disputes act 1947
260
_b
Labour law agency
_a
Bombay
_c
1981
082
_a
344.018
300
_a
116
546
_a
ENGLISH
999
_c
33702
_d
33702